कारे जहाँ दराज है : (Record no. 1466560)
[ view plain ]
| 000 -LEADER | |
|---|---|
| fixed length control field | 01372 a2200253 4500 |
| 005 - DATE AND TIME OF LATEST TRANSACTION | |
| control field | 20260203172143.0 |
| 008 - FIXED-LENGTH DATA ELEMENTS--GENERAL INFORMATION | |
| fixed length control field | 260203b |||||||| |||| 00| 0 eng d |
| 020 ## - INTERNATIONAL STANDARD BOOK NUMBER | |
| International Standard Book Number | 9789389012491 (सेट) (hbk) |
| 037 ## - SOURCE OF ACQUISITION | |
| Terms of availability | REF |
| 040 ## - CATALOGING SOURCE | |
| Original cataloging agency | CRL |
| Transcribing agency | CRL |
| 041 ## - LANGUAGE CODE | |
| Source of code | hin |
| Language code of text/sound track or separate title | hin |
| Language code of original | urd |
| 084 ## - COLON CLASSIFICATION NUMBER | |
| Classification number | O168,3N28x 152R0.1-.4 (RR) |
| Assigning agency | CRL |
| 100 ## - MAIN ENTRY--PERSONAL NAME | |
| Personal name | हैदर, कुर्रतुलाईन |
| 9 (RLIN) | 860079 |
| 245 ## - TITLE STATEMENT | |
| Title | कारे जहाँ दराज है : |
| Remainder of title | आत्मकथात्मक उपन्यास |
| 260 ## - PUBLICATION, DISTRIBUTION, ETC. | |
| Place of publication, distribution, etc. | नयी दिल्ली, भारत: |
| Name of publisher, distributor, etc. | वाणी प्रकाशन, |
| Date of publication, distribution, etc. | 2020. |
| 300 ## - PHYSICAL DESCRIPTION | |
| Extent | खंड 1 (1-330पृ.), खंड 2 (1-474पृ.), खंड 3 (1-519पृ.), खंड 4 (1-542पृ.) |
| 365 ## - TRADE PRICE | |
| Price amount | 6000.00 |
| Currency code | INR |
| 546 ## - LANGUAGE NOTE | |
| Language note | Translated from Urdu to Hindi |
| 650 ## - SUBJECT ADDED ENTRY--TOPICAL TERM | |
| Topical term or geographic name entry element | उर्दू साहित्य |
| 9 (RLIN) | 1113477 |
| 650 ## - SUBJECT ADDED ENTRY--TOPICAL TERM | |
| Topical term or geographic name entry element | उर्दू कहानी |
| 9 (RLIN) | 1113478 |
| 700 ## - ADDED ENTRY--PERSONAL NAME | |
| Personal name | अहमद, इरफान |
| Relator term | अनुवादक |
| 9 (RLIN) | 1113479 |
| 942 ## - ADDED ENTRY ELEMENTS (KOHA) | |
| Koha item type | Reference |
| Source of classification or shelving scheme | Colon Classification (CC) |
| Suppress in OPAC | No |
| Classification part | O168,3N28x 152R0.1-.4 (RR) |
| Withdrawn status | Lost status | Source of classification or shelving scheme | Damaged status | Not for loan | Home library | Current library | Date acquired | Source of acquisition | Cost, normal purchase price | Serial Enumeration / chronology | Inventory number | Total Checkouts | Full call number | Barcode | Date last seen | Cost, replacement price | Price effective from | Koha item type |
|---|---|---|---|---|---|---|---|---|---|---|---|---|---|---|---|---|---|---|
| Colon Classification (CC) | Not For Loan | Central Library | Central Library | 2026-01-15 | 76/ वाणी प्रकाशन | 1500.00 | खंड - .1 | 476/ 2026-01-12 | O168,3N28x 152R0.1 | CL1925270 | 2026-01-15 | 6000.00 | 2026-01-15 | Reference | ||||
| Colon Classification (CC) | Not For Loan | Central Library | Central Library | 2026-01-15 | 76/ वाणी प्रकाशन | 1500.00 | खंड - .2 | 476/2026-01-12 | O168,3N28x 152R0.2 | CL1925271 | 2026-01-15 | 6000.00 | 2026-01-15 | Reference | ||||
| Colon Classification (CC) | Central Library | Central Library | 2026-01-15 | 76/ वाणी प्रकाशन | 1500.00 | खंड - .3 | 476/ 2026-01-12 | O168,3N28x 152R0.3 | CL1925272 | 2026-01-15 | 6000.00 | 2026-01-15 | Reference | |||||
| Colon Classification (CC) | Not For Loan | Central Library | Central Library | 2026-01-15 | 76/ वाणी प्रकाशन | 1500.00 | खंड - .4 | 476/ 2026-01-12 | O168,3N28x 152R0.4 | CL1925273 | 2026-01-15 | 6000.00 | 2026-01-15 | Reference |
